000 00842cam a22002531 4500
001 27337
003 BD-RjUL
005 20211209051136.0
008 140325s1960 enk 000 0ceng
035 _a(BD-RjUL)27410
035 _a(OCoLC)1091149
040 _aDLC
_cOClU
_dOCoLC
_dUk
_dDLC
_dBD-RjUL
_beng
041 _aeng
082 _a920.0669
_bEMI 1960
110 2 _aNigerian Broadcasting Corporation.
_983951
245 1 0 _aEminent Nigerians of the nineteenth century :
_ba series of studies originally broadcast by the Nigerian Broadcasting Corporation /
_cby Nigerian Broadcasting Corporation.
260 _aCambridge :
_bUniversity Press,
_cc1960.
300 _a97 p. ;
_c19 cm.
651 0 _aNigeria
_vBiography.
_983950
651 0 _aNigeria
_xHistory.
_983507
942 _2ddc
_cBK
999 _c27337
_d27337